Vždy na strane reakcie Klerikálna emigrácia v súčasnom ideologickom boji

Bibliographic Details
Main Author: Dány, Ondrej (Author)
Format: Article
Language:Slovak
Subjects:

MARC

LEADER 00000nab a2200000 a 4500
001 vtls000087919
003 SK-MaSNL
005 20260305043451.0
008 111103c1981 xo 0 slo
015 |a SNBRB19rr/mm-uuuuu 
035 |a CL0098022 
040 |a SNKBUCL  |b slo  |c SNKBUCL  |e AACR2 
041 0 |a slo 
044 |a xo  |c SK 
080 |a 322  |2 1981 
080 |a 325  |2 1981 
100 1 |a Dány, Ondrej  |4 aut  |9 1625879 
245 1 0 |a Vždy na strane reakcie  |b Klerikálna emigrácia v súčasnom ideologickom boji  |c Ondrej Dány 
650 0 7 |a emigrácia  |2 snkbucl  |9 3822 
650 0 7 |a klerikalizmus politický  |2 snkbucl  |9 921775 
655 7 |a články z novín a časopisov  |2 snkbucl  |9 267496 
773 0 |t Pravda  |g Roč. 62, č. 146 (23. 6. 1981), s. 3 
850 |a Slovenská národná knižnica v Martine  |a MTA001 
852 |a SNK  |b KIS3GCP 
958 |a RK 
992 |a RBX 
999 |c 3353739  |d 3355669